Número-almanaque para 1898 de el Magisterio español. (Record no. 170214)

MARC details
000 -LEADER
campo de control de longitud fija 00653nas a2200217 i 4500
001 - NÚMERO DE CONTROL
campo de control 170214
003 - IDENTIFICADOR DE NÚMERO DE CONTROL
campo de control ES-MaACL
005 - FECHA Y HORA DE LA ÚLTIMA TRANSACCIÓN
campo de control 20250709062530.0
008 - DATOS DE LONGITUD FIJA--INFORMACIÓN GENERAL
campo de control de longitud fija 090212d1898 sp | | 1 |spa d
080 ## - NÚMERO DE LA CLASIFICACIÓN DECIMAL UNIVERSAL
Número de la Clasificación Decimal Universal 460
080 ## - NÚMERO DE LA CLASIFICACIÓN DECIMAL UNIVERSAL
Número de la Clasificación Decimal Universal 37
245 00 - MENCIÓN DEL TÍTULO
Título Número-almanaque para 1898 de el Magisterio español.
260 ## - PUBLICACIÓN, DISTRIBUCIÓN, ETC.
Lugar de publicación, distribución, etc. Madrid :
Nombre del editor, distribuidor, etc. El Magisterio Español,
Fecha de publicación, distribución, etc. 1898.
300 ## - DESCRIPCIÓN FÍSICA
Extensión 16 p. :
Otras características físicas il. ;
Dimensiones 35 cm.
310 ## - PERIODICIDAD ACTUAL
Periodicidad actual Anual
500 ## - NOTA GENERAL
Nota general Corresponde a los n. 2125-2126, 5 de enero de 1898, Año XXXII, 3ª época de El Magisterio español.
740 32 - ENTRADA AGREGADA--TÍTULO RELACIONADO/ANALÍTICO NO CONTROLADO
Título relacionado o analítico no controlado El Magisterio español.
852 ## - LOCALIZACIÓN
Ubicación ES-MaACL
942 ## - ELEMENTOS DE ENTRADA SECUNDARIOS (KOHA)
Fuente del sistema de clasificación o colocación Clasificación decimal universal
Tipo de ítem Koha Revista
Holdings
Estatus retirado Estado de pérdida Fuente del sistema de clasificación o colocación Estado de daño No para préstamo Colección Biblioteca de origen Biblioteca actual Ubicación en estantería Fecha de adquisición Total de préstamos Signatura topográfica completa Código de barras Visto por última vez Precio de reemplazo Tipo de ítem Koha
    Clasificación decimal universal     Periódicos y Revistas Biblioteca del Ateneo de Madrid Biblioteca del Ateneo de Madrid Depósito folletos 12/02/2009   T-770-F-6 1178701 23/02/2023 23/02/2023 Revista